After the cataclysm (Record no. 966161)

MARC details
000 -LEADER
fixed length control field 00889nam a2200277Ia 4500
003 - CONTROL NUMBER IDENTIFIER
control field OSt
005 - DATE AND TIME OF LATEST TRANSACTION
control field 20221005060102.0
008 - FIXED-LENGTH DATA ELEMENTS--GENERAL INFORMATION
fixed length control field 221004b |||||||| |||| 00| 0 eng d
020 ## - INTERNATIONAL STANDARD BOOK NUMBER
International Standard Book Number 9780745335506 (pbk)
037 ## - SOURCE OF ACQUISITION
Terms of availability Textual
040 ## - CATALOGING SOURCE
Original cataloging agency CRL
Transcribing agency CRL
Language of cataloging eng
041 ## - LANGUAGE CODE
Source of code eng
Language code of text/sound track or separate title eng
100 ## - MAIN ENTRY--PERSONAL NAME
Personal name Chomsky Noam
245 #0 - TITLE STATEMENT
Title After the cataclysm
Remainder of title Postwar Indochina and reconstruction of imperial ideology
260 ## - PUBLICATION, DISTRIBUTION, ETC.
Place of publication, distribution, etc. London
Name of publisher, distributor, etc. Pluto UK
Date of publication, distribution, etc. 2015
300 ## - PHYSICAL DESCRIPTION
Extent xxix, 455p.
Dimensions cm.
490 ## - SERIES STATEMENT
Volume/sequential designation 2
650 ## - SUBJECT ADDED ENTRY--TOPICAL TERM
Topical term or geographic name entry element POLITICAL SCIENCE
700 ## - ADDED ENTRY--PERSONAL NAME
Personal name Herman Edward S
942 ## - ADDED ENTRY ELEMENTS (KOHA)
Classification part WxN28,AT, Q5
Koha item type Textual
Source of classification or shelving scheme
Holdings
Withdrawn status Lost status Damaged status Not for loan Home library Current library Date acquired Source of acquisition Cost, normal purchase price Serial Enumeration / chronology Total Checkouts Full call number Barcode Date last seen Date last checked out Cost, replacement price Price effective from Koha item type
        Central Library Arts Library 2022-10-05 107627, 22/03/2016, International Book Distributors 1254.70 2 1 WxN28,AT Q5 CL1638839 2025-01-13 2024-12-31 1254.70 2022-10-05 Textual
Copyright @ Delhi University Library System